|
|
|
|
| LEADER |
00771cam a2200205 7i4500 |
| 001 |
0000031382 |
| 005 |
20171026090000.0 |
| 008 |
100113 eng |
| 020 |
|
|
|a 9780521886802 (hbk.)
|
| 090 |
0 |
0 |
|a QA808.2
|b .G67 2008
|
| 100 |
1 |
|
|a Gonzalez, Oscar
|
| 245 |
1 |
2 |
|a A first course in continuum mechanics
|c Oscar Gonzalez and Andrew M. Stuart.
|
| 260 |
|
|
|a Cambridge:
|b Cambridge University Press,
|c 2008.
|
| 300 |
|
|
|a xvii, 394 p.:
|b ill.;
|c 24 cm.
|
| 504 |
|
|
|a Includes bibliographical references and index
|
| 650 |
0 |
0 |
|a Continuum mechanics
|
| 700 |
1 |
|
|a Stuart, Andrew M
|
| 997 |
|
|
|a Engineering & Life Sciences, Faculty
|b Engineering, Department
|
| 998 |
|
|
|a Mechanical Engineering, Degree
|
| 999 |
|
|
|a 0000035330
|b BOK
|c OPEN SHELF
|e 2nd Floor, Bestari Jaya
|